| 000 | 00774nam a22002537a 4500 | ||
|---|---|---|---|
| 005 | 20180803170428.0 | ||
| 008 | 170926s2016 ck ||||| |||| 00| 0 spa d | ||
| 020 | _a9789588962030 | ||
| 040 |
_aCO-BoIAVH _cCO-BoIAVH |
||
| 041 | _aspa | ||
| 044 | _ack | ||
| 090 |
_aI-TDL _b03 |
||
| 100 | _aBarbosa, Jhoana | ||
| 245 | 1 | 0 | _aEmergencia en el Río grande |
| 260 |
_aBogotá: _bTiempo de Leer Editorial, _c2016. |
||
| 300 |
_a48 páginas _bilustraciones a color _c22 x 22cm |
||
| 490 | _aColección Ecocuentos y Ecofábulas | ||
| 650 | 1 | 4 | _aLiteratura infantil |
| 650 | 1 | 4 | _aFauna acuatica |
| 650 | 1 | 4 | _aFábulas para niños |
| 650 | 1 | 4 | _aMedio ambiente |
| 700 |
_aDaza, Maria Alejandra _eilustradora |
||
| 942 |
_2z _cLIBRO |
||
| 999 |
_c19884 _d19884 |
||